00673nam a2200229 a 4500001001300000003000900013005001700022008004100039020001100080082001500091100001600106245003000122260005400152300000800206500003500214505002200249650003100271902000800302942000700310952011100317999001500428nice12345678IN_TiNIC20260116011743.0050524s1953 hyda grp 000 0 urd  ac1.7500a297.4bSUL aGesudaraz,  aFawaid Hazrat Banda Nawaz aHyderabad bMarkazi Anjuman Taleemus Salat c1953 a88p aincludes index and biblioraphy2 aVarious Documents aSufism-Gesudaraz-malfoozat bSRS cBK 001040708StackRoom-aHMIbHMId2008-03-06g1.75l0o297.4 SULp06175r2008-03-06v1.75w2005-05-24yBK c3720d3720